Όλα τα Κόμματα που έχουν μπει στη Βουλή - Statistics

General Stats
  • This quiz has been taken 39 times
    38 since last reset
  • The average score is 12 of 28
Answer Stats
Ένταξη Κόμμα % Correct
1974 Νέα Δημοκρατία
100%
1974 ΠΑ.ΣΟ.Κ. / ΚΙΝ.ΑΛ.
100%
1977 Κ.Κ.Ε.
97%
1985 Κ.Κ.Ε. Εσωτερικού
97%
1989 Συνασπισμός / ΣΥ.ΡΙΖ.Α.
94%
2012 Χρυσή Αυγή
86%
2023 Πλεύση Ελευθερίας
72%
2023 Σπαρτιάτες
58%
2023 Νίκη
58%
2019 ΜέΡΑ25
56%
2015 Το Ποτάμι
50%
2012 Ανεξάρτητοι Έλληνες
39%
1993 Πολιτική Άνοιξη
36%
2007 Λαϊκός Ορθόδοξος Συναγερμός
36%
2019 Ελληνική Λύση
36%
1989 Οικολόγοι Εναλλακτικοί
33%
2015 Ένωση Κεντρώων
28%
1974 Ένωσις Κέντρου - Νέες Δυνάμεις
25%
2012 Δημοκρατική Αριστερά
25%
1989 Δημοκρατική Ανανέωση
22%
1996 Δημοκρατικό Κοινωνικό Κίνημα - Σοσιαλιστική Αριστερά
19%
1977 Εθνική Παράταξις
8%
1977 Συμμαχία Προοδευτικών και Αριστερών Δυνάμεων
8%
1977 Ένωση Δημοκρατικού Κέντρου
6%
1974 Ενωμένη Αριστερά
3%
1977 Κόμμα Νεοφιλελευθέρων
3%
1989 Εμπιστοσύνη / Πεπρωμένο
3%
2015 Δημοκρατική Συμπαράταξη
3%
No matching quizzes found
Score Distribution
Percent of People with Each Score
Percentile by Number Answered
Your Score History
You have not taken this quiz since the last reset